Microelectronic Circuits /

Guardat en:
Dades bibliogràfiques
Autor principal: Sedra, Adel S. (autor)
Altres autors: Smith, Kenneth C. (autor) (autor)
Format: Llibre
Idioma:anglès
Publicat: Oxford, Inglaterra : Oxford University, 2004, c2004
Edició:5a edición
Col·lecció:(Oxford Series in Electrical and Computer Engineering)
Matèries:
Etiquetes: Afegir etiqueta
Sense etiquetes, Sigues el primer a etiquetar aquest registre!

MARC

LEADER 00000nam^a2200000^a^4500
001 000165265
005 20250521000000.0
009 20260310101011.552
020 |a 0-19-514251-9 
037 |a Acervo ITESO - Biblioteca 
041 |a ING 
082 |a 621. 381  |b SED 
100 |a Sedra, Adel S.  |e (autor) 
240 1 1 |a [Circuitos microelectrónicos] 
245 1 0 |a Microelectronic Circuits /  |c A.S. Sedra, K.C. Smith. 
250 |a 5a edición 
264 4 |a Oxford, Inglaterra :  |b Oxford University,  |c 2004, c2004 
300 |a XXX, 1293, [75] p. +  |e 1 disco compacto de computadora 
336 |a texto  |b txt  |2 rdacontenido 
337 |a sin mediación  |b n  |2 rdamedio 
338 |a volumen  |b nc  |2 rdasoporte 
440 1 |a (Oxford Series in Electrical and Computer Engineering) 
649 |a XX 
650 |a Amplificadores (Electrónica) 
650 |a Circuitos Integrados -  |x Tema Principal 
650 |a Circuitos Electrónicos -  |x Tema Principal 
650 |a Microelectrónica 
650 |a Ingeniería Electrónica 
700 |a Smith, Kenneth C.  |e (autor) 
910 |a Fondo General 
920 |a Impresos - Libros 
930 |a Colección General 
905 |a 101 
901 |a 0500099849  |b IT1  |c ACC  |u 20250521 
901 |a 0500099858  |b IT2  |c SWS  |u 20250521 
901 |a 0500174163  |b IT1  |c ACC  |u 20250521 
901 |a 0500174166  |b IT2  |c SWS  |u 20250521 
902 |a https://opac.biblio.iteso.mx/vufind/Record/000165265